[Event "ODJM A 2024"]
[Site "Willingen GER"]
[Date "2024.05.24"]
[Round "8"]
[White "Sundui, Chinguun"]
[Black "Drygala, Lars"]
[Result "0-1"]
[Termination "normal"]
[Board "16"]
[WhiteElo "1895"]
[BlackElo "1994"]
[WhiteClock "00:12:46"]
[BlackClock "01:08:28"]
[PlyCount "46"]
[WhiteFideId "4907930"]
[BlackFideId "34617779"]
[EventCountry "GER"]
[EventRounds "9"]
[EventType "swiss"]
[EventDate "2024.05.18"]

1. e4 {[%clk 01:30:58]} {[%emt 00:00:01]} e6 {[%clk 01:30:53]} {[%emt
00:00:08]} 2. d4 {[%clk 01:31:24]} {[%emt 00:00:04]} d5 {[%clk 01:31:17]}
{[%emt 00:00:05]} 3. e5 {[%clk 01:31:50]} {[%emt 00:00:04]} c5 {[%clk
01:31:42]} {[%emt 00:00:05]} 4. c3 {[%clk 01:32:17]} {[%emt 00:00:04]} Nc6
{[%clk 01:32:07]} {[%emt 00:00:04]} 5. Nf3 {[%clk 01:32:42]} {[%emt 00:00:06]}
Bd7 {[%clk 01:32:32]} {[%emt 00:00:05]} 6. a3 {[%clk 01:32:59]} {[%emt
00:00:14]} Nge7 {[%clk 01:32:42]} {[%emt 00:00:18]} 7. Bd3 {[%clk 01:32:21]}
{[%emt 00:01:08]} cxd4 {[%clk 01:32:33]} {[%emt 00:00:39]} 8. cxd4 {[%clk
01:31:51]} {[%emt 00:01:00]} Qb6 {[%clk 01:32:53]} {[%emt 00:00:10]} 9. Bc2
{[%clk 01:29:36]} {[%emt 00:02:45]} Rc8 {[%clk 01:29:26]} {[%emt 00:03:58]} 10.
Nc3 {[%clk 01:28:51]} {[%emt 00:01:15]} a6 {[%clk 01:24:57]} {[%emt 00:05:00]}
11. O-O {[%clk 01:26:11]} {[%emt 00:03:09]} Ng6 {[%clk 01:25:14]} {[%emt
00:00:12]} 12. h4 {[%clk 01:09:49]} {[%emt 00:16:52]} Be7 {[%clk 01:18:14]}
{[%emt 00:07:30]} 13. g3 {[%clk 01:07:25]} {[%emt 00:02:54]} O-O {[%clk
01:18:01]} {[%emt 00:00:42]} 14. h5 {[%clk 01:02:31]} {[%emt 00:05:25]} Nh8
{[%clk 01:18:21]} {[%emt 00:00:10]} 15. Qd3 {[%clk 01:00:02]} {[%emt 00:03:00]}
g6 {[%clk 01:18:43]} {[%emt 00:00:07]} 16. Bh6 {[%clk 00:56:52]} {[%emt
00:03:41]} Rfe8 {[%clk 01:19:02]} {[%emt 00:00:10]} 17. hxg6 {[%clk 00:46:48]}
{[%emt 00:10:35]} fxg6 {[%clk 01:16:26]} {[%emt 00:03:07]} 18. b4 {[%clk
00:40:56]} {[%emt 00:06:21]} Qc7 {[%clk 01:12:07]} {[%emt 00:04:48]} 19. b5
{[%clk 00:17:17]} {[%emt 00:24:09]} Na7 {[%clk 01:11:48]} {[%emt 00:00:49]} 20.
Bd2 {[%clk 00:14:44]} {[%emt 00:03:04]} Nxb5 {[%clk 01:12:03]} {[%emt
00:00:15]} 21. Nxd5 {[%clk 00:12:23]} {[%emt 00:02:51]} exd5 {[%clk 01:11:33]}
{[%emt 00:00:59]} 22. Bb3 {[%clk 00:12:40]} {[%emt 00:00:14]} Be6 {[%clk
01:11:01]} {[%emt 00:01:01]} 23. a4 {[%clk 00:12:46]} {[%emt 00:00:24]} Na7
{[%clk 01:08:28]} {[%emt 00:03:03]} 0-1

[Event "ODJM A 2024"]
[Site "Willingen GER"]
[Date "2024.05.24"]
[Round "8"]
[White "Weyerer, Noah"]
[Black "Kieselbach, Jannik"]
[Result "1-0"]
[Termination "normal"]
[Board "17"]
[WhiteElo "1869"]
[BlackElo "2003"]
[WhiteClock "00:10:17"]
[BlackClock "00:00:44"]
[PlyCount "81"]
[WhiteFideId "16250664"]
[BlackFideId "16246403"]
[EventCountry "GER"]
[EventRounds "9"]
[EventType "swiss"]
[EventDate "2024.05.18"]

1. c4 {[%clk 01:30:58]} {[%emt 00:00:01]} e6 {[%clk 01:30:53]} {[%emt
00:00:07]} 2. Nc3 {[%clk 01:31:23]} {[%emt 00:00:05]} d5 {[%clk 01:31:15]}
{[%emt 00:00:09]} 3. cxd5 {[%clk 01:31:48]} {[%emt 00:00:04]} exd5 {[%clk
01:31:35]} {[%emt 00:00:10]} 4. d4 {[%clk 01:32:15]} {[%emt 00:00:04]} c6
{[%clk 01:31:22]} {[%emt 00:00:42]} 5. Qc2 {[%clk 01:31:48]} {[%emt 00:00:57]}
Bd6 {[%clk 01:27:58]} {[%emt 00:03:53]} 6. Nf3 {[%clk 01:30:11]} {[%emt
00:02:09]} Ne7 {[%clk 01:24:22]} {[%emt 00:04:05]} 7. Bg5 {[%clk 01:28:59]}
{[%emt 00:01:42]} f6 {[%clk 01:21:23]} {[%emt 00:03:29]} 8. Bh4 {[%clk
01:29:01]} {[%emt 00:00:28]} Bf5 {[%clk 01:20:33]} {[%emt 00:01:19]} 9. Qd2
{[%clk 01:28:45]} {[%emt 00:00:48]} O-O {[%clk 01:18:31]} {[%emt 00:02:31]} 10.
e3 {[%clk 01:28:32]} {[%emt 00:00:43]} a5 {[%clk 01:15:11]} {[%emt 00:03:50]}
11. Bg3 {[%clk 01:25:34]} {[%emt 00:03:28]} Ng6 {[%clk 01:03:43]} {[%emt
00:11:58]} 12. Bd3 {[%clk 01:24:03]} {[%emt 00:02:01]} Bxd3 {[%clk 01:03:31]}
{[%emt 00:00:42]} 13. Qxd3 {[%clk 01:24:27]} {[%emt 00:00:06]} Re8 {[%clk
01:03:14]} {[%emt 00:00:47]} 14. Rc1 {[%clk 01:21:51]} {[%emt 00:03:06]} Na6
{[%clk 00:58:57]} {[%emt 00:04:48]} 15. Qd2 {[%clk 01:17:18]} {[%emt 00:05:02]}
b5 {[%clk 00:44:12]} {[%emt 00:15:15]} 16. O-O {[%clk 01:13:52]} {[%emt
00:03:55]} Bxg3 {[%clk 00:43:52]} {[%emt 00:00:51]} 17. hxg3 {[%clk 01:14:17]}
{[%emt 00:00:05]} Qb6 {[%clk 00:36:53]} {[%emt 00:07:29]} 18. Ne1 {[%clk
01:09:16]} {[%emt 00:05:31]} Ne7 {[%clk 00:36:17]} {[%emt 00:01:06]} 19. Nd3
{[%clk 01:08:06]} {[%emt 00:01:40]} Nc8 {[%clk 00:35:11]} {[%emt 00:01:36]} 20.
Ne2 {[%clk 01:02:24]} {[%emt 00:06:12]} Nd6 {[%clk 00:35:04]} {[%emt 00:00:37]}
21. Qc2 {[%clk 01:01:03]} {[%emt 00:01:51]} Rac8 {[%clk 00:34:52]} {[%emt
00:00:42]} 22. Nc5 {[%clk 00:59:33]} {[%emt 00:02:00]} Ne4 {[%clk 00:25:59]}
{[%emt 00:09:24]} 23. Nxa6 {[%clk 00:57:04]} {[%emt 00:02:57]} Qxa6 {[%clk
00:26:21]} {[%emt 00:00:09]} 24. Nf4 {[%clk 00:55:37]} {[%emt 00:01:57]} Qb7
{[%clk 00:22:46]} {[%emt 00:04:05]} 25. Nd3 {[%clk 00:53:51]} {[%emt 00:02:16]}
Nd6 {[%clk 00:16:18]} {[%emt 00:06:58]} 26. Nc5 {[%clk 00:47:09]} {[%emt
00:07:12]} Qf7 {[%clk 00:12:05]} {[%emt 00:04:42]} 27. Qe2 {[%clk 00:34:56]}
{[%emt 00:12:44]} Qg6 {[%clk 00:09:53]} {[%emt 00:02:42]} 28. Rfd1 {[%clk
00:27:04]} {[%emt 00:08:22]} Qf7 {[%clk 00:04:09]} {[%emt 00:06:14]} 29. Rc2
{[%clk 00:25:57]} {[%emt 00:01:37]} Nc4 {[%clk 00:03:48]} {[%emt 00:00:50]} 30.
Rdc1 {[%clk 00:25:28]} {[%emt 00:01:00]} Qa7 {[%clk 00:03:26]} {[%emt
00:00:51]} 31. Qg4 {[%clk 00:22:23]} {[%emt 00:03:35]} Rc7 {[%clk 00:03:00]}
{[%emt 00:00:57]} 32. Nd3 {[%clk 00:22:01]} {[%emt 00:00:53]} Qb7 {[%clk
00:02:05]} {[%emt 00:01:25]} 33. Nf4 {[%clk 00:17:58]} {[%emt 00:04:32]} a4
{[%clk 00:00:47]} {[%emt 00:01:47]} 34. b3 {[%clk 00:15:34]} {[%emt 00:02:56]}
axb3 {[%clk 00:01:14]} {[%emt 00:00:03]} 35. axb3 {[%clk 00:15:59]} {[%emt
00:00:04]} Nb6 {[%clk 00:01:41]} {[%emt 00:00:04]} 36. Nh5 {[%clk 00:12:31]}
{[%emt 00:03:58]} f5 {[%clk 00:01:11]} {[%emt 00:00:59]} 37. Qxf5 {[%clk
00:12:07]} {[%emt 00:00:54]} Rf7 {[%clk 00:01:06]} {[%emt 00:00:34]} 38. Qg4
{[%clk 00:11:54]} {[%emt 00:00:43]} Rc8 {[%clk 00:01:12]} {[%emt 00:00:24]} 39.
Qe6 {[%clk 00:10:51]} {[%emt 00:01:34]} g6 {[%clk 00:01:08]} {[%emt 00:00:33]}
40. Nf4 {[%clk 00:11:04]} {[%emt 00:00:18]} Nd7 {[%clk 00:00:44]} {[%emt
00:00:55]} 41. Rxc6 {[%clk 00:10:17]} {[%emt 00:01:16]} 1-0

[Event "ODJM A 2024"]
[Site "Willingen GER"]
[Date "2024.05.24"]
[Round "8"]
[White "Mehner, Lorenz"]
[Black "Schulz, Tim"]
[Result "1/2-1/2"]
[Termination "normal"]
[Board "18"]
[WhiteElo "1799"]
[BlackElo "1850"]
[WhiteClock "00:00:55"]
[BlackClock "00:07:27"]
[PlyCount "58"]
[WhiteFideId "16293096"]
[BlackFideId "34629165"]
[EventCountry "GER"]
[EventRounds "9"]
[EventType "swiss"]
[EventDate "2024.05.18"]

1. d4 {[%clk 01:30:57]} {[%emt 00:00:03]} d5 {[%clk 01:30:54]} {[%emt
00:00:05]} 2. c4 {[%clk 01:31:23]} {[%emt 00:00:05]} e6 {[%clk 01:31:19]}
{[%emt 00:00:04]} 3. Nc3 {[%clk 01:31:47]} {[%emt 00:00:06]} c5 {[%clk
01:31:33]} {[%emt 00:00:17]} 4. cxd5 {[%clk 01:15:21]} {[%emt 00:16:56]} exd5
{[%clk 01:31:32]} {[%emt 00:00:31]} 5. Nf3 {[%clk 01:14:37]} {[%emt 00:01:13]}
Nc6 {[%clk 01:31:37]} {[%emt 00:00:25]} 6. Bg5 {[%clk 01:12:17]} {[%emt
00:02:50]} Qa5 {[%clk 01:24:18]} {[%emt 00:07:49]} 7. dxc5 {[%clk 01:04:53]}
{[%emt 00:07:54]} Bxc5 {[%clk 01:18:00]} {[%emt 00:06:48]} 8. Qxd5 {[%clk
00:58:44]} {[%emt 00:06:38]} Be6 {[%clk 01:14:49]} {[%emt 00:03:42]} 9. Qe4
{[%clk 00:47:37]} {[%emt 00:11:37]} h6 {[%clk 00:59:42]} {[%emt 00:15:37]} 10.
Bd2 {[%clk 00:45:37]} {[%emt 00:02:30]} Nf6 {[%clk 00:50:16]} {[%emt 00:09:57]}
11. Qa4 {[%clk 00:44:35]} {[%emt 00:01:32]} Qb6 {[%clk 00:49:05]} {[%emt
00:01:40]} 12. e3 {[%clk 00:42:38]} {[%emt 00:02:27]} O-O {[%clk 00:41:47]}
{[%emt 00:07:48]} 13. Be2 {[%clk 00:38:47]} {[%emt 00:04:21]} Rad8 {[%clk
00:39:48]} {[%emt 00:02:29]} 14. O-O {[%clk 00:36:58]} {[%emt 00:02:20]} Bf5
{[%clk 00:38:20]} {[%emt 00:01:57]} 15. Qf4 {[%clk 00:28:58]} {[%emt 00:08:29]}
Bg4 {[%clk 00:30:19]} {[%emt 00:08:31]} 16. Na4 {[%clk 00:26:19]} {[%emt
00:03:10]} Bxf3 {[%clk 00:27:37]} {[%emt 00:03:12]} 17. Qxf3 {[%clk 00:14:35]}
{[%emt 00:12:14]} Qc7 {[%clk 00:26:36]} {[%emt 00:01:29]} 18. Bc3 {[%clk
00:11:00]} {[%emt 00:04:07]} Be7 {[%clk 00:23:29]} {[%emt 00:03:36]} 19. Rfd1
{[%clk 00:10:49]} {[%emt 00:00:42]} a6 {[%clk 00:22:24]} {[%emt 00:01:35]} 20.
Bxf6 {[%clk 00:04:12]} {[%emt 00:07:08]} Bxf6 {[%clk 00:22:35]} {[%emt
00:00:19]} 21. Nc3 {[%clk 00:04:35]} {[%emt 00:00:06]} Qb6 {[%clk 00:18:10]}
{[%emt 00:04:55]} 22. Nd5 {[%clk 00:01:46]} {[%emt 00:03:20]} Qxb2 {[%clk
00:15:50]} {[%emt 00:02:49]} 23. Rab1 {[%clk 00:01:49]} {[%emt 00:00:27]} Qxa2
{[%clk 00:14:35]} {[%emt 00:01:45]} 24. Nxf6+ {[%clk 00:01:40]} {[%emt
00:00:39]} gxf6 {[%clk 00:14:57]} {[%emt 00:00:07]} 25. Rxb7 {[%clk 00:01:21]}
{[%emt 00:00:50]} Rxd1+ 26. Bxd1 {[%clk 00:01:50]} Ne5 {[%clk 00:10:00]} {[%emt
00:00:41]} 27. Qg3+ {[%clk 00:00:48]} {[%emt 00:01:34]} Kh7 {[%clk 00:09:22]}
{[%emt 00:01:07]} 28. f4 {[%clk 00:00:47]} {[%emt 00:00:31]} Qd5 {[%clk
00:08:37]} {[%emt 00:01:15]} 29. Bf3 {[%clk 00:00:55]} {[%emt 00:00:23]} Nxf3+
{[%clk 00:07:27]} {[%emt 00:01:40]} 1/2-1/2

[Event "ODJM A 2024"]
[Site "Willingen GER"]
[Date "2024.05.24"]
[Round "8"]
[White "Tulchynsky, David"]
[Black "Jansen, Malte"]
[Result "1/2-1/2"]
[Termination "normal"]
[Board "19"]
[WhiteElo "1854"]
[BlackElo "1835"]
[WhiteClock "00:39:16"]
[BlackClock "00:34:36"]
[PlyCount "51"]
[WhiteFideId "16289560"]
[BlackFideId "16295137"]
[EventCountry "GER"]
[EventRounds "9"]
[EventType "swiss"]
[EventDate "2024.05.18"]

1. e4 {[%clk 01:30:49]} {[%emt 00:00:11]} e5 {[%clk 01:30:47]} {[%emt
00:00:13]} 2. Bc4 {[%clk 01:31:16]} {[%emt 00:00:04]} Nf6 {[%clk 01:30:28]}
{[%emt 00:00:48]} 3. d3 {[%clk 01:31:41]} {[%emt 00:00:05]} Nc6 {[%clk
01:29:48]} {[%emt 00:01:09]} 4. Nc3 {[%clk 01:31:48]} {[%emt 00:00:23]} Bc5
{[%clk 01:29:03]} {[%emt 00:01:15]} 5. h3 {[%clk 01:32:04]} {[%emt 00:00:15]}
h6 {[%clk 01:28:38]} {[%emt 00:00:55]} 6. Nge2 {[%clk 01:32:14]} {[%emt
00:00:20]} d6 {[%clk 01:26:48]} {[%emt 00:02:20]} 7. O-O {[%clk 01:32:22]}
{[%emt 00:00:21]} O-O {[%clk 01:21:03]} {[%emt 00:06:16]} 8. Be3 {[%clk
01:30:52]} {[%emt 00:02:00]} Bxe3 {[%clk 01:18:26]} {[%emt 00:03:07]} 9. fxe3
{[%clk 01:31:18]} {[%emt 00:00:04]} Be6 {[%clk 01:16:48]} {[%emt 00:02:08]} 10.
Ng3 {[%clk 01:27:40]} {[%emt 00:04:07]} Ne7 {[%clk 01:01:37]} {[%emt 00:15:41]}
11. Rxf6 {[%clk 00:56:34]} {[%emt 00:31:37]} gxf6 {[%clk 00:58:13]} {[%emt
00:03:54]} 12. Qh5 {[%clk 00:57:00]} {[%emt 00:00:04]} Kh7 {[%clk 00:56:18]}
{[%emt 00:02:25]} 13. Rf1 {[%clk 00:54:35]} {[%emt 00:02:55]} Rg8 {[%clk
00:51:22]} {[%emt 00:05:26]} 14. Nf5 {[%clk 00:47:19]} {[%emt 00:07:45]} Bxf5
{[%clk 00:48:25]} {[%emt 00:03:26]} 15. exf5 {[%clk 00:47:17]} {[%emt
00:00:33]} d5 {[%clk 00:44:33]} {[%emt 00:04:23]} 16. Nxd5 {[%clk 00:47:13]}
{[%emt 00:00:34]} Nxd5 {[%clk 00:44:28]} {[%emt 00:00:35]} 17. Qxf7+ {[%clk
00:47:38]} {[%emt 00:00:05]} Rg7 {[%clk 00:44:39]} {[%emt 00:00:19]} 18. Qxd5
{[%clk 00:48:03]} {[%emt 00:00:05]} Qxd5 {[%clk 00:44:42]} {[%emt 00:00:27]}
19. Bxd5 {[%clk 00:48:29]} {[%emt 00:00:04]} c6 {[%clk 00:44:06]} {[%emt
00:01:05]} 20. Bf3 {[%clk 00:47:56]} {[%emt 00:01:03]} Rd8 {[%clk 00:42:57]}
{[%emt 00:01:39]} 21. Kf2 {[%clk 00:45:07]} {[%emt 00:03:19]} c5 {[%clk
00:42:39]} {[%emt 00:00:49]} 22. Ke2 {[%clk 00:44:51]} {[%emt 00:00:45]} b6
{[%clk 00:42:22]} {[%emt 00:00:47]} 23. g4 {[%clk 00:43:13]} {[%emt 00:02:08]}
Rgd7 {[%clk 00:39:01]} {[%emt 00:03:52]} 24. Rd1 {[%clk 00:39:31]} {[%emt
00:04:12]} Kg7 {[%clk 00:39:05]} {[%emt 00:00:25]} 25. c4 {[%clk 00:39:51]}
{[%emt 00:00:10]} Rd6 {[%clk 00:34:36]} {[%emt 00:04:59]} 26. Bd5 {[%clk
00:39:16]} {[%emt 00:01:04]} 1/2-1/2

[Event "ODJM A 2024"]
[Site "Willingen GER"]
[Date "2024.05.24"]
[Round "8"]
[White "Pfaar, Zeno"]
[Black "Seitz, Manuel"]
[Result "1-0"]
[Termination "normal"]
[Board "20"]
[WhiteElo "1961"]
[BlackElo "1882"]
[WhiteClock "01:10:56"]
[BlackClock "00:41:46"]
[PlyCount "39"]
[WhiteFideId "34614567"]
[BlackFideId "16215770"]
[EventCountry "GER"]
[EventRounds "9"]
[EventType "swiss"]
[EventDate "2024.05.18"]

1. e4 {[%clk 01:29:58]} {[%emt 00:01:01]} e5 {[%clk 01:30:47]} {[%emt
00:00:14]} 2. Nf3 {[%clk 01:30:23]} {[%emt 00:00:05]} Nc6 {[%clk 01:31:11]}
{[%emt 00:00:05]} 3. Bc4 {[%clk 01:30:48]} {[%emt 00:00:05]} Nf6 {[%clk
01:31:33]} {[%emt 00:00:09]} 4. Ng5 {[%clk 01:31:06]} {[%emt 00:00:12]} d5
{[%clk 01:31:46]} {[%emt 00:00:17]} 5. exd5 {[%clk 01:31:31]} {[%emt 00:00:05]}
Na5 {[%clk 01:32:10]} {[%emt 00:00:06]} 6. Bb5+ {[%clk 01:31:54]} {[%emt
00:00:07]} c6 {[%clk 01:32:33]} {[%emt 00:00:07]} 7. dxc6 {[%clk 01:32:12]}
{[%emt 00:00:12]} bxc6 {[%clk 01:32:57]} {[%emt 00:00:07]} 8. Bd3 {[%clk
01:32:24]} {[%emt 00:00:16]} Nd5 {[%clk 01:32:37]} {[%emt 00:00:51]} 9. Nf3
{[%clk 01:32:13]} {[%emt 00:00:40]} Bd6 {[%clk 01:32:12]} {[%emt 00:00:55]} 10.
O-O {[%clk 01:32:33]} {[%emt 00:00:10]} O-O {[%clk 01:31:54]} {[%emt 00:00:49]}
11. Re1 {[%clk 01:32:54]} {[%emt 00:00:09]} f5 {[%clk 01:28:59]} {[%emt
00:03:26]} 12. Nxe5 {[%clk 01:32:29]} {[%emt 00:00:54]} g5 {[%clk 01:23:36]}
{[%emt 00:05:52]} 13. Bf1 {[%clk 01:27:37]} {[%emt 00:05:22]} Qf6 {[%clk
01:15:46]} {[%emt 00:08:21]} 14. d4 {[%clk 01:27:10]} {[%emt 00:00:56]} h6
{[%clk 01:01:44]} {[%emt 00:14:33]} 15. c4 {[%clk 01:19:35]} {[%emt 00:08:04]}
Ne7 {[%clk 00:57:25]} {[%emt 00:04:49]} 16. Bd2 {[%clk 01:19:23]} {[%emt
00:00:42]} Nb7 {[%clk 00:56:01]} {[%emt 00:01:55]} 17. Bc3 {[%clk 01:18:48]}
{[%emt 00:01:05]} Bxe5 {[%clk 00:49:50]} {[%emt 00:06:41]} 18. Rxe5 {[%clk
01:17:44]} {[%emt 00:01:33]} Nd6 {[%clk 00:44:49]} {[%emt 00:05:31]} 19. d5
{[%clk 01:12:27]} {[%emt 00:05:47]} cxd5 {[%clk 00:41:46]} {[%emt 00:03:33]}
20. Rxd5 {[%clk 01:10:56]} {[%emt 00:02:00]} 1-0

[Event "ODJM A 2024"]
[Site "Willingen GER"]
[Date "2024.05.24"]
[Round "8"]
[White "Schulz, Dennis"]
[Black "Mainka, Ingmar"]
[Result "1/2-1/2"]
[Termination "normal"]
[Board "21"]
[WhiteElo "1959"]
[BlackElo "1879"]
[WhiteClock "00:40:46"]
[BlackClock "01:08:10"]
[PlyCount "65"]
[WhiteFideId "16241231"]
[BlackFideId "16254937"]
[EventCountry "GER"]
[EventRounds "9"]
[EventType "swiss"]
[EventDate "2024.05.18"]

1. d4 {[%clk 01:30:56]} {[%emt 00:00:05]} c5 {[%clk 01:30:58]} {[%emt
00:00:02]} 2. d5 {[%clk 01:31:23]} {[%emt 00:00:02]} e5 {[%clk 01:31:24]}
{[%emt 00:00:04]} 3. e4 {[%clk 01:31:47]} {[%emt 00:00:05]} d6 {[%clk
01:31:52]} {[%emt 00:00:03]} 4. Nc3 {[%clk 01:32:14]} {[%emt 00:00:03]} Nf6
{[%clk 01:32:19]} {[%emt 00:00:03]} 5. Bb5+ {[%clk 01:32:39]} {[%emt 00:00:05]}
Nbd7 {[%clk 01:32:27]} {[%emt 00:00:21]} 6. a4 {[%clk 01:32:34]} {[%emt
00:00:35]} a6 {[%clk 01:32:06]} {[%emt 00:00:51]} 7. Bd3 {[%clk 01:31:06]}
{[%emt 00:01:57]} Be7 {[%clk 01:32:34]} {[%emt 00:00:02]} 8. Nf3 {[%clk
01:31:24]} {[%emt 00:00:12]} Nf8 {[%clk 01:32:56]} {[%emt 00:00:08]} 9. Nd2
{[%clk 01:31:22]} {[%emt 00:00:32]} Ng6 {[%clk 01:29:44]} {[%emt 00:03:42]} 10.
Nc4 {[%clk 01:31:19]} {[%emt 00:00:31]} O-O {[%clk 01:29:57]} {[%emt 00:00:19]}
11. O-O {[%clk 01:31:44]} {[%emt 00:00:05]} h6 {[%clk 01:30:09]} {[%emt
00:00:18]} 12. Kh1 {[%clk 01:18:48]} {[%emt 00:13:26]} Nh7 {[%clk 01:28:27]}
{[%emt 00:02:12]} 13. f4 {[%clk 01:15:57]} {[%emt 00:03:21]} exf4 {[%clk
01:27:50]} {[%emt 00:01:07]} 14. Bxf4 {[%clk 01:15:42]} {[%emt 00:00:45]} Nxf4
{[%clk 01:28:11]} {[%emt 00:00:09]} 15. Rxf4 {[%clk 01:16:06]} {[%emt
00:00:05]} Bg5 {[%clk 01:27:47]} {[%emt 00:00:55]} 16. Rf2 {[%clk 01:15:50]}
{[%emt 00:00:46]} Bf6 {[%clk 01:27:19]} {[%emt 00:00:58]} 17. Ne2 {[%clk
01:12:47]} {[%emt 00:03:33]} Bg4 {[%clk 01:27:12]} {[%emt 00:00:36]} 18. c3
{[%clk 01:12:55]} {[%emt 00:00:22]} Qe7 {[%clk 01:21:28]} {[%emt 00:06:14]} 19.
a5 {[%clk 01:12:39]} {[%emt 00:00:47]} Be5 {[%clk 01:18:25]} {[%emt 00:03:32]}
20. Ne3 {[%clk 01:08:14]} {[%emt 00:04:55]} Qh4 {[%clk 01:17:20]} {[%emt
00:01:36]} 21. Nxg4 {[%clk 01:08:32]} {[%emt 00:00:11]} Qxg4 {[%clk 01:17:48]}
{[%emt 00:00:03]} 22. Nf4 {[%clk 01:06:20]} {[%emt 00:02:41]} Qxd1+ {[%clk
01:15:44]} {[%emt 00:02:35]} 23. Rxd1 {[%clk 01:06:41]} {[%emt 00:00:08]} Nf6
{[%clk 01:16:06]} {[%emt 00:00:09]} 24. h3 {[%clk 01:06:09]} {[%emt 00:01:01]}
Nd7 {[%clk 01:15:15]} {[%emt 00:01:21]} 25. Ne2 {[%clk 01:04:42]} {[%emt
00:01:57]} Bf6 {[%clk 01:14:08]} {[%emt 00:01:38]} 26. Bc2 {[%clk 01:03:02]}
{[%emt 00:02:09]} Ne5 {[%clk 01:13:47]} {[%emt 00:00:51]} 27. b3 {[%clk
00:59:10]} {[%emt 00:04:22]} Rac8 {[%clk 01:10:41]} {[%emt 00:03:36]} 28. Nf4
{[%clk 00:53:00]} {[%emt 00:06:41]} Nd7 {[%clk 01:09:52]} {[%emt 00:01:18]} 29.
Ne2 {[%clk 00:45:36]} {[%emt 00:07:54]} Ne5 {[%clk 01:10:15]} {[%emt 00:00:07]}
30. g4 {[%clk 00:44:20]} {[%emt 00:01:47]} Ng6 {[%clk 01:10:03]} {[%emt
00:00:42]} 31. Rdf1 {[%clk 00:41:28]} {[%emt 00:03:21]} Bd8 {[%clk 01:07:42]}
{[%emt 00:02:52]} 32. Ra1 {[%clk 00:40:46]} {[%emt 00:01:12]} Bf6 {[%clk
01:08:10]} {[%emt 00:00:01]} 33. Raf1 {[%emt 00:04:22]} 1/2-1/2